Medzinárodný manažment a medzinárodné podnikanie vybrané kapitoly
Uložené v:
| Hlavný autor: | |
|---|---|
| Korporativný autor: | |
| Ďalší autori: | , |
| Médium: | Kniha |
| Jazyk: | Slovak |
| Vydavateľské údaje: |
Bratislava
Vydavateľstvo EKONÓM
2013
|
| Vydanie: | 1. vyd. |
| Predmet: | |
| Tagy: |
Žiadne tagy, Buďte prvý, kto otaguje tento záznam!
|
MARC
| LEADER | 00000nam a2200000 4500 | ||
|---|---|---|---|
| 001 | 0178043 | ||
| 005 | 20240502073028.2 | ||
| 020 | |a 978-80-225-3688-2 | ||
| 041 | 0 | |a slo | |
| 044 | |a SK | ||
| 245 | 1 | 0 | |a Medzinárodný manažment a medzinárodné podnikanie |b vybrané kapitoly |c Katarína Procházková ; recenzenti: Miroslav Grznár, Ľubica Füzyová |
| 250 | |a 1. vyd. | ||
| 264 | 1 | |a Bratislava |b Vydavateľstvo EKONÓM |c 2013 | |
| 300 | |a 136 s. [6,76 AH] | ||
| 610 | 2 | 0 | |a manažment medzinárodný |
| 610 | 2 | 0 | |a podnikanie medzinárodné |
| 610 | 2 | 0 | |a globalizácia |
| 610 | 2 | 0 | |a podnik multinacionálny |
| 610 | 2 | 0 | |a rokovania obchodné |
| 610 | 2 | 0 | |a marketing mix |
| 610 | 2 | 0 | |a marketing medzinárodný |
| 610 | 2 | 0 | |a kultúra podniková |
| 610 | 2 | 0 | |a rozhodovanie strategické |
| 100 | 1 | |a Procházková, Katarína, 1983- | |
| 700 | 1 | |a Grznár, Miroslav | |
| 700 | 1 | |a Füzyová, Ľubica | |
| 710 | 2 | |a Ekonomická univerzita v Bratislave. Fakulta podnikového manažmentu | |